01030 2200301 4500001002100000005001500021035002000036040002200056082002100078084002300099090002200122245011400144300008800258850001200346041001300358110004500371651002500416264006000441336002100501337003000522338002300552022001400575999002200589546005100611007000300662008004100665990002200706INLIS00000000086395120210823105305 a0010-0821000650 aYOPDYOGbinderda04223a315.09598272 a315.09598272 BAN k aCB-D.11 2019-421710aKecamatan Imogiri dalam angka = Imogiri subdistrict in figures 2019 /cBadan Pusat Statistik Kabupaten Bantul axviii, 112 halaman :bgambar berwarna, tabel, peta berwarna, foto berwarna ;c20 cm aYOPDYOG0 aindgeng2 aBantul. Badan Pusat StatistikePengarang 4aImogiri--vStatistik31aBantul :bBadan Pusat Statistik Kabupaten Bantul,c2019 2rdacontentateks 2rdamediaatanpa perantara 2rdacarrieravolume a2614-9338 aCB-D.11/2019-4217 aTeks dalam bahasa Indonesia dan bahasa Inggrista210823s2019 yoia g s | ind d aCB-D.11/2019-4217